00804cam a22002651 4500001001300000003000400013005001700017008004100034010001700075025001900092035002000111040002300131041001100154042001200165050001800177100003600195245009100231250002800322260002700350300001700377505005600394630002700450650004400477999001700521sa 66002352 DLC20260227112229.0890929m19641965pk 000 0 urdr  asa 66002352  aPL480:P-U-1229 a(OCoLC)20413631 aDLCcWaUdWaUdDLC0 aurdara apremarc00aBP130.4b.H341 aHaqqani, Peer Azizullah,d1928-10aKāmil akmal Ḥaqqānī.cTaṣnīf va taʼlīf-i ʻAzīzullāh Ḥaqqānī. a[Pahlā īḍīshun] aKarāchīc[1964-65] a2 v.c25 cm.1 aVol. 2: Nashir: Tāj ʻĀlamgīr Dārual-Kutub.00aQurʼanxCommentaries. 0aHadithxCriticism, interpretation, etc. c68332d68332